000 00405pab a2200145 454500
008 180718b89-90 xxu||||| |||| 00| 0 eng d
100 _aChoudhuri, Indrajit
245 _aHousing finance and some suggested solutions
260 _c89-90
300 _a54-66
362 _aApr.-Mar.
650 _aHousing - Finance - India
773 _aJournal of the Institute of Public Administration
909 _a10143
999 _c10143
_d10143